Savior (Record no. 35761)

MARC details
000 -LEADER
fixed length control field 00228nam a2200109Ia 4500
082 ## - DEWEY DECIMAL CLASSIFICATION NUMBER
Classification number 82-3
Item number WER
100 ## - MAIN ENTRY--AUTHOR NAME
Personal name Werlin, Mark
245 #0 - TITLE STATEMENT
Title Savior
700 ## - ADDED ENTRY--PERSONAL NAME
Personal name Marvin
942 ## - ADDED ENTRY ELEMENTS (KOHA)
Koha item type Books
Holdings
Withdrawn status Lost status Damaged status Not for loan Home library Current library Date acquired Full call number Accession Number Koha item type
        RRII Library RRII Library 16/12/2021 82-3 WER 16183 Books